| 000 | 00821nam2a2200241 4500 | ||
|---|---|---|---|
| 001 | RU\NLR\bibl\1668522 | ||
| 005 | 20250616043645.0 | ||
| 010 | _a978-5-93972-668-9 | ||
| 035 | _a(NLR Aleph) 001659792 | ||
| 090 |
_a974332 _c974332 |
||
| 100 | _a20100512d2008 |||y0rusy50 ca | ||
| 101 | 0 | _arus | |
| 102 | _aRU | ||
| 105 | _ay ||||||||| | ||
| 200 | 1 | _aГраждане науки | |
| 210 |
_d2008 _aБ. м. |
||
| 215 | _a523 с. | ||
| 461 | 0 |
_1001RU\NLR\bibl\1511040 _12001#$aЛюди в письмах$v3. _91798397 _aБаранцев, Р. Г. (1931-) _cМосква _d2007 _fР.Г. Баранцев _nИнститут компьютерных исследований _tЛюди в письмах _v3. |
|
| 801 | 0 |
_aRU _bNLR _c20100512 _gRCR |
|
| 801 | 1 |
_aRU _bNLR _c20100512 |
|
| 942 | _cBOOK | ||
| 980 | _aNB | ||